000 00724nam a2200265Ia 4500
003 OSt
005 20221007110515.0
006 a|||||r|||| 00| 0
007 ta
008 221006b |||||||| |||| 00| 0 eng d
020 _a0070189803
024 _a21,253
037 _cTextual
040 _aLCO
_cLCO
_beng
041 _2eng
_aeng
082 _aY:45:6, L7
100 _aEdelstein Charles D.
_9707582
245 0 _aCriminal Justice
260 _aNew
_bYork McGraw Hill Book Company U.S.A.
_c1977
300 _a296
650 _aCRIMINAL JUSTICE
_9695785
700 _a Wicks Robert J.
_9707583
942 _hY:45:6, L7
_cTEXL
999 _c1190816
_d1190816